000 00782nas a2200253 4500
001 BR8804214
003 BR-BrBNA
005 20231205091225.0
007 ta
008 230509b bl.|||p| |||| 00| 00por d
040 _aBR-BrBNA
_bpor
_cBiblioteca Nacional de Agricultura
041 _a(Pt)
072 _aL73
100 1 _aLyra, T.M. de P.
100 1 _aSilva, J.M.L. da
100 1 _aSilva, N. da
245 1 _aEstudo comparativo entre diferentes vias de aplicacao da vacina contra a doenca de Newcastle
650 _aPINTO DE CORTE
650 _aNEWCASTLE
650 _aVACINA
773 0 _tBoletim de Defesa Sanitaria Animal (Brazil)
_xISSN 0100-5855
_g(Dec 1979), v. 13(1-4) p. 92-105
_wBR8804214
909 _a202311
_bLúcia
_c55
_dLúcia Elande
942 _2AGRIS
_n0
_cANA
999 _c123674
_d123674